The best laid plans (Record no. 106384)

MARC details
000 -LEADER
fixed length control field 01468cam a2200253 4500
001 - CONTROL NUMBER
control field L136407
008 - FIXED-LENGTH DATA ELEMENTS--GENERAL INFORMATION
fixed length control field 070130n2007 000 0 eng u
020 ## - INTERNATIONAL STANDARD BOOK NUMBER
International Standard Book Number 190609701
-- 9781906097011
035 ## - SYSTEM CONTROL NUMBER
System control number (Sirsi) u136407
041 0# - LANGUAGE CODE
Language code of text/sound track or separate title eng
050 04 - LIBRARY OF CONGRESS CALL NUMBER
Classification number 711.1 $2 18
100 1# - MAIN ENTRY--PERSONAL NAME
Personal name Evans, Alan W.
245 04 - TITLE STATEMENT
Title The best laid plans
Remainder of title how planning prevents economic growth
Medium [electronic resource]
260 ## - PUBLICATION, DISTRIBUTION, ETC.
Place of publication, distribution, etc. London
Name of publisher, distributor, etc. Policy Exchange
Date of publication, distribution, etc. 2007
505 2# - FORMATTED CONTENTS NOTE
Formatted contents note Control and constraint -- Economic growth, delay and the level of detail -- The effect of planning on interest rates -- The Barker Review of Land Use Planning.
520 ## - SUMMARY, ETC.
Summary, etc. Demonstrates how the UK's restrictive planning regime undermines the competitiveness of our economy by increasing costs, reducing choice and inhibiting flexibility. Argues that the artificial reduction of land supply affects social mobility, causes the UK to lose out on numerous economic opportunities, reduces opportunities and leads to higher prices, leads to higher interest rates and affects quality of life. Calls for reform of the planning system.
590 ## - LOCAL NOTE (RLIN)
Local note KA NTK
650 24 - SUBJECT ADDED ENTRY--TOPICAL TERM
Topical term or geographic name entry element BARKER REVIEW OF LAND USE PLANNING
651 #4 - SUBJECT ADDED ENTRY--GEOGRAPHIC NAME
Geographic name United Kingdom
Chronological subdivision
690 ## - LOCAL SUBJECT ADDED ENTRY--TOPICAL TERM (OCLC, RLIN)
Topical term or geographic name as entry element ENVIRONMENTAL AND LAND CONSULTANCY-PLANNING AND DEVELOPMENT-PLANNING GUIDANCE
700 1# - ADDED ENTRY--PERSONAL NAME
Personal name Hartwich, Oliver Marc
856 40 - ELECTRONIC LOCATION AND ACCESS
Uniform Resource Identifier <a href="https://www.policyexchange.org.uk/Publications.aspx?id=302">https://www.policyexchange.org.uk/Publications.aspx?id=302</a>
Public note View the study free of charge at www.policyexchange.org.uk...
942 ## - ADDED ENTRY ELEMENTS (KOHA)
Suppress in OPAC 0
Holdings
Withdrawn status Lost status Source of classification or shelving scheme Damaged status Not for loan Home library Current library Shelving location Date acquired Total Checkouts Full call number Barcode Date last seen Copy number Price effective from Koha item type
    Dewey Decimal Classification     Virtual Virtual Online 30/01/2007   ONLINE PUBLICATION 136407-1001 06/08/2019 1 06/08/2019 Book